000 00391nam a2200145Ia 4500
008 230917s9999||||xx |||||||||||||| ||und||
040 _e175549
_aMAIN
041 _aEnglish
082 _a891.432741 SL41G
100 _aसहगल, ललित
245 0 _aगुफावासी
260 _aदिल्ली
_bप्रभात
_c1977
300 _a225 पृ. p.
942 _cHN
999 _c182254
_d182254